Analýza demografických zmien a odliv mozgov vo vybranej ekonomike bakalárska práca

Saved in:
Bibliographic Details
Main Author: Miščíková, Martina
Corporate Author: Národohospodárska fakulta EU. Katedra hospodárskej politiky
Other Authors: Majzlíková, Erika, 1993-
Format: Book
Language:Slovak
Published: Bratislava 2021
Tags: Add Tag
No Tags, Be the first to tag this record!

MARC

LEADER 00000nbm a2200000 4500
001 0275252
005 20220121085148.0
041 0 |a slo 
044 |a SK 
245 1 0 |a Analýza demografických zmien a odliv mozgov vo vybranej ekonomike  |b bakalárska práca  |c Martina Miščíková ; školiteľ: Erika Majzlíková 
264 1 |a Bratislava  |c 2021 
300 |a 52 s. 
100 1 |a Miščíková, Martina 
700 1 |a Majzlíková, Erika, 1993- 
710 2 |a Národohospodárska fakulta EU. Katedra hospodárskej politiky